[Event "Baku FIDE GP"]
[Site "Baku"]
[Date "2014.10.05"]
[Round "4"]
[White "Andreikin, Dmitry"]
[Black "Radjabov, Teimour"]
[Result "1/2-1/2"]
[WhiteElo "2722"]
[BlackElo "2726"]
[Annotator "Roiz,M"]
[PlyCount "81"]
[EventDate "2014.10.02"]
[EventType "tourn"]
[EventRounds "11"]
[EventCountry "AZE"]
[EventCategory "21"]
[SourceTitle "CBM 163"]
[Source "ChessBase"]
[SourceDate "2014.11.11"]
[SourceVersion "1"]
[SourceVersionDate "2014.11.11"]
[SourceQuality "1"]

1. d4 Nf6 2. c4 g6 3. Nc3 Bg7 4. e4 d6 5. h3 O-O 6. Be3 {The Russian
grandmaster deviates from the main lines of the KID.} c5 7. Nf3 {Now the game
will tranpose to a Maroczy with a somewhat useless move h2-h3 for White.
Perhaps, the character of the position could still suit Dmitry in this game.} (
7. d5 {is much more popular and ambitious and leads to a complex fight:} e6 (
7... b5 8. cxb5 a6 9. a4 Qa5 10. Bd2 axb5 (10... Qb4 11. Bd3 c4 12. Bc2 $14)
11. Bxb5 Ba6 12. Ra3 Nbd7 13. Nf3 Bxb5 14. Nxb5 Qb6 15. Qc2 $14 {1-0 Salgado
Lopez,I (2621)-Fedoseev,V (2548)/Plovdiv 2012/CBM 148 (40)}) 8. Nf3 (8. Bd3
exd5 9. exd5 Na6 10. Nf3 Nb4 11. Bb1 b5 12. a3 Qa5 $132 {0-1 Aleksandrov,A 
(2604)-Kokarev,D (2635)/Moscow RUS 2013 (32)}) 8... exd5 9. exd5 Qa5 10. Bd2 (
10. Qd2 $5) 10... a6 11. Be2 Qc7 12. O-O $14 {1-0 Grischuk,A (2764)-Ding Liren
(2702)/Beijing CHN 2012 (25)}) 7... cxd4 ({Black can hardly avoid the Maroczy
pawn structure, as we can see in the following example:} 7... Qa5 8. Bd3 Nfd7
9. O-O Nc6 10. Be2 cxd4 (10... Qb6 11. Rb1 cxd4 12. Nd5 Qd8 13. Nxd4 Nc5 14. f3
Nxd4 15. Bxd4 Bxd4+ 16. Qxd4 e5 17. Qe3 Be6 18. Nc3 $14) 11. Nxd4 Nxd4 12. Bxd4
Bxd4 13. Qxd4 $14 {1/2-1/2 Karpov,A (2655)-Efimenko,Z (2660)/Dagomys 2008/CBM
124 (57)}) 8. Nxd4 Nc6 9. Be2 Nxd4 {Black is interested in swapping the minor
pieces, since White has a space advantage.} 10. Bxd4 Bd7 11. O-O a5 $146 (11...
Bc6 12. Qc2 ({The text move looks stronger than the previously played:} 12. Qd3
a5 13. Rad1 (13. b3 Nd7 14. Bxg7 Kxg7 15. Qd4+ Kg8 16. Rfd1 Qb6 $11 {1/2-1/2
Lysyj,I (2598)-Sharafiev,A (2412)/Belgorod 2009/EXT 2010 (28)}) 13... Nd7 14.
Bxg7 Kxg7 15. Qd4+ Kg8 16. f4 Qb6 17. Qxb6 Nxb6 18. b3 Rfd8 19. Kf2 Nd7 20. Ke3
Nc5 21. g4 h6 22. h4 Kg7 $11 {1/2-1/2 Lysyj,I (2596)-Kokarev,D (2582)/
Novokuznetsk 2008/CBM 126 (79)}) 12... a5 {could be another order of moves.} (
12... Nd7 13. Bxg7 Kxg7 14. b4 $14) (12... Qa5 13. Rab1 Qg5 14. f4 Qh4 15. Rf3
$14)) 12. Qc2 $5 {GM Andreikin comes up with a new setup, which may pose Black
some problems.} ({After} 12. Qd3 Bc6 {the game could transpose to the above
mentioned games of GM Igor Lysyj.}) 12... Bc6 13. Rad1 Nd7 (13... Qc7 $5 14.
Nd5 (14. f4 Nd7 {looks normal for Black.}) 14... Bxd5 15. exd5 Rfc8 {might be
more accurate, although White's position seems somewhat better.}) 14. Be3 ({
Black's position would be rather passive after:} 14. Bxg7 $5 Kxg7 15. Bg4 $1
Nc5 (15... Ne5 16. c5 Nxg4 17. hxg4 $14) (15... Re8 16. Bxd7 Qxd7 17. Rfe1 $14)
16. e5 h5 17. Be2 Re8 18. b3 Qc7 19. exd6 exd6 20. Qd2 $14) 14... a4 $1 {
Teimour correctly seizes space on the queenside. Now the queen gets a
comfortable square on a5.} (14... b6 15. Rfe1 Nc5 16. Bf3 Rc8 17. b3 $14) 15.
c5 {This ambitious continuation is the only way to pose some concrete problems.
} (15. Nd5 Rc8 (15... e6 16. Nb4 Qc7 17. f4 $14) 16. Qd2 Nc5 $11) (15. Rfe1 Qa5
16. Nd5 Rfe8 17. Bd2 Qd8 18. Bg5 Nc5 $132) 15... dxc5 16. Bxc5 Re8 $1 {An
accurate defence.} ({The following piece sacrifice looks tempting, but doesn't
solve all the problems after:} 16... Nxc5 17. Rxd8 Rfxd8 18. Bb5 Bxb5 19. Nxb5
Rac8 20. Rc1 $14) 17. Ba3 (17. f4 Qa5 18. Ba3 Nc5 19. e5 Rad8 20. Bf3 Bxf3 21.
Rxf3 Ne6 22. Rff1 Rxd1 23. Qxd1 Rd8 $11) 17... Rc8 18. Qd2 (18. Nxa4 Qa5 19.
Nc3 Nb6 $11) 18... Nf6 19. Qf4 ({After} 19. e5 Qxd2 20. Rxd2 Ne4 21. Nxe4 Bxe4
22. Bb5 Bc6 23. Bxc6 Rxc6 24. Re1 Rc7 {Black should be able to neutralise some
of his opponent's pressure.}) 19... Qa5 {Black is ready to solve all the
problems by means of e7-e5, so White's next move is obvious.} 20. e5 Nd7 21. e6
fxe6 {White has obvious compensation for a pawn, since there are a couple of
weaknesses in the opponent's camp.} 22. Bg4 $1 {Dmitry finds the best way to
develop his initiative.} (22. Bc4 Nf8 23. Rfe1 b5 24. Bxe6+ Nxe6 25. Rxe6 Bxc3
26. bxc3 Qxc3 27. Bxe7 Qc4 28. Qf6 Qxa2 29. Rxc6 Rxc6 30. Qxc6 Rxe7 31. Rd8+
Kg7 32. Qc3+ Kh6 $11) 22... Nf8 23. Rfe1 (23. Rd3 Rcd8 24. Rxd8 Qxd8 25. Nxa4
Qd4 26. Qxd4 Bxd4 27. Nc5 Bd5 $11) 23... Rcd8 24. Rxd8 ({It looks like this is
the only moment, when White's play could be improved upon:} 24. Bb4 $1 Rxd1 25.
Bxd1 Qa6 26. a3 $14) 24... Qxd8 25. Bf3 {White's position still looks quite
promising, but Teimour finds a concrete way to solve the problems.} (25. Rd1
Qa5 26. Bb4 Qe5 27. Qd2 Bf6 $11) 25... Bxc3 $1 26. bxc3 Bxf3 27. Qxf3 Qd5 $11 {
The material balance is reduced, so White is unable to develop a serious
attack.} 28. Qe2 Qc6 (28... Nd7 29. c4 Qc6 30. Qxe6+ Qxe6 31. Rxe6 Kf7 32. Re2
b6 33. Kf1 e6 $11) 29. c4 Kf7 30. Rb1 (30. Bb2 Nd7 31. Qg4 Nf6 32. Qh4 h5 $11)
30... Nd7 31. Rb4 ({Nor was anything promised by:} 31. Qd2 Nf6 32. Rb5 Qxc4 33.
Rxb7 Nd5 34. Qh6 Nf6 35. Bb2 e5 $11 36. Bxe5 $140 $2 Qd5 37. Bxf6 Qxb7 38. Be5
Ke6 $17) 31... Rc8 32. Qd1 Ra8 (32... Ne5 33. c5 Qd5 34. Qxa4 Nd3 35. Rb3 Nxc5
$11) 33. c5 e5 34. Qb1 Nxc5 ({After} 34... Ra7 35. Qb2 Kg8 36. Rb5 $11 {
neither side can make any progress.}) 35. Rb5 Ne6 36. Rxb7 Re8 (36... Nc7 {
was slightly more accurate:} 37. Rb6 Qc4 {, but the text move is also
sufficient for a draw.}) 37. Qb4 Nc7 38. Rb6 (38. Ra7 Nd5 39. Qe4 Rd8 40. Qxe5
Rd7 41. Rxd7 Qxd7 $11) 38... Qd5 39. Qh4 h5 40. Qxa4 Ne6 {Black has completely
consolidated.} 41. Qb3 1/2-1/2

[Event "Baku FIDE GP"]
[Site "Baku"]
[Date "2014.10.08"]
[Round "6"]
[White "Grischuk, Alexander"]
[Black "Radjabov, Teimour"]
[Result "0-1"]
[WhiteElo "2797"]
[BlackElo "2726"]
[Annotator "Sumets,A"]
[PlyCount "72"]
[EventDate "2014.10.02"]
[EventType "tourn"]
[EventRounds "11"]
[EventCountry "AZE"]
[EventCategory "21"]
[SourceTitle "CBM 163"]
[Source "ChessBase"]
[SourceDate "2014.11.11"]
[SourceVersion "1"]
[SourceVersionDate "2014.11.11"]
[SourceQuality "1"]

1. Nf3 Nf6 2. g3 g6 3. Bg2 Bg7 4. O-O O-O 5. c4 c6 6. b3 Ne4 ({As an
alternative way, one might recommend} 6... d5 7. Bb2 e6 8. d3 b6 $5 9. Nbd2 Bb7
10. e4 c5 11. exd5 exd5 12. d4 Nbd7 13. Rc1 Rc8 14. Re1 cxd4 15. Bxd4 Nc5 (
15... Re8 16. Rxe8+ Nxe8 17. cxd5 Rxc1 18. Qxc1 Bxd5 $11) 16. Ne5 Re8 17. Ndf3
dxc4 18. Rxc4 Bd5 $11 {Fressinet,L (2717)-Dubov,D (2614) Dubai UAE 2014 1-0 
(65)}) 7. d4 d5 8. Bb2 a5 9. Nc3 Bf5 10. Rc1 (10. Ne5 Nxc3 11. Bxc3 Bxe5 $5 (
11... Nd7 12. cxd5 cxd5 13. Rc1 (13. Bxd5 Nxe5 14. dxe5 Rc8 15. Rc1 Rc5 16. Bg2
(16. Bxb7 $4 Qc7 $19) 16... Bxe5 17. Bxe5 Rxe5 $11) 13... Be4 $6 14. Bh3 Nxe5
15. dxe5 Ra6 16. Qd2 a4 17. Bd4 $14 {Goldin,A (2585)-Svidler,P (2635)
Novosibirsk 1995 1-0 (25)}) 12. dxe5 dxc4 13. Qc1 ({I think stronger is} 13.
bxc4 Qxd1 (13... Qc7 14. Qc1 Nd7 15. Qh6 Rad8 16. h4 Nc5 17. Rac1 b6 18. h5 $14
) 14. Rfxd1 Nd7 15. Rac1 Rfd8 16. Rd2 Kf8 17. Rcd1 Ke8 {with good chances to
get an equal game.}) 13... cxb3 14. axb3 Qb6 {Certainly White has some
compensation for the pawn but I think it is enough only for an equal game.} 15.
Qa3 (15. Qh6 $5 Qxb3 16. Rfc1 Nd7 17. e6 Nf6 18. exf7+ Qxf7 19. Bxa5 $44) 15...
Nd7 (15... Re8 $5 16. Ra2 (16. Bxa5 $6 Qb5 17. Qb4 Qxe5) 16... Be6 17. Rfa1 $44
) 16. Qxe7 Qxb3 17. Bxa5 $6 Rfe8 18. Qh4 Nxe5 19. Rfc1 Ng4 $17 {Bachmann,A 
(2619)-Gabuzyan,H (2537) Albena BUL 2014 1/2 (60)}) (10. e3 Nxc3 (10... Nd7 11.
Qe2 (11. cxd5 Nxc3 12. Bxc3 cxd5 13. Ne5 Nf6 $11) 11... Nxc3 12. Bxc3 Nf6 13.
Rfc1 Be4 14. Bf1 Bxf3 15. Qxf3 e6 16. b4 Ne4 17. Be1 axb4 18. Bxb4 Re8 (18...
c5 $1 {leads to enormous complications} 19. cxd5 $1 (19. dxc5 Bxa1 20. Rxa1 Qg5
$3 21. cxd5 Qe5 22. Rd1 Rxa2 $17) (19. Bxc5 Nxc5 20. cxd5 (20. dxc5) 20... Nd7
21. dxe6 fxe6 22. Qxb7 Rb8 $15) 19... Ng5 $1 20. Qg2 cxb4 21. h4 e5 $1 22. dxe5
Bxe5 23. Rab1 Rxa2 $15) 19. a4 h5 $11 {Bu,X (2708)-Radjabov,T (2751) Sofia
2008 1/2 (45)}) 11. Bxc3 Be4 12. Qe2 e6 (12... a4 13. Qb2 (13. cxd5 $6 Qxd5 14.
b4 Nd7 (14... Na6 $5 15. Rfd1 Nc7) 15. Rfd1 Qh5 16. h3 Rfc8 17. Rac1 $11 {
Nikolic,P (2645) -Karpov,A (2770) Monte Carlo 1996 1-0 (60)}) 13... Nd7 14.
Rfc1 Qb6 15. c5 (15. Ne1 Bxg2 16. Kxg2 e6 17. Nd3 Rfc8 $11) 15... Qc7 16. b4 b5
17. cxb6 Nxb6 18. Qe2 a3 19. Nd2 Bxg2 20. Kxg2 Na4 $11 {Malakhov,V (2721)-Li,C
(2613) China 2010 1/2 (44)}) 13. Rfc1 Nd7 14. Bf1 Bxf3 15. Qxf3 Qe7 16. Rab1
Rfd8 17. a4 Nb6 18. Qd1 Ra7 19. c5 Nd7 20. b4 (20. Qd2 Rda8 21. f4 f5 22. Bd3
Nf6 $11) 20... axb4 21. Rxb4 e5 $11 {Nikolic,P (2605)-Li Chao2 (2711) Solingen
GER 2014 1/2 (54)}) 10... Nxc3 11. Bxc3 Be4 12. e3 e6 13. Bh3 Nd7 $146 (13...
dxc4 14. bxc4 c5 15. Qe2 Bxf3 (15... Nc6 16. Nd2) 16. Qxf3 cxd4 17. exd4 Bxd4
18. Qxb7 Ra7 19. Qb2 $14) (13... Bxf3 14. Qxf3 a4 15. Qe2 Nd7 16. Qc2 axb3 17.
axb3 Qe7 18. Ra1 $14 {Dizdar,G (2535)-Moradiabadi,E (2445) Mallorca 2004 1/2-1/
2 (30)}) 14. Qe2 (14. Nd2 Bd3 15. Re1 b5 16. cxb5 {The solid continuation is}
Bxb5 (16... cxb5 {leads to complicatons or to the worse position.} 17. Nf1 Bf5
$1 {I think that 99.9% players can play this only after analysis with the
computer.} (17... Bxf1 $6 18. Bxf1 b4 19. Bb2 $14) 18. g4 {it seems that Black
loses his bishop but} Qh4 $1 19. Kg2 Be4+ $1 20. f3 Nf6 $1 21. Ng3 b4 22. Bb2
h5 $1 23. gxh5 Bf5 24. Bxf5 gxf5 $11) 17. Bg2 a4 18. b4 Nb6 $11) 14... Bxf3 15.
Qxf3 Nf6 16. Qe2 Ne4 17. Be1 f5 $5 {An ambitious way. It seems to me that
Black could get an equal game after} (17... a4 18. Qc2 (18. b4 Nd6 19. c5 Nb5 (
19... Nc4 $6 {the knight can achieve nothing from c4} 20. f4 f5 21. Qd3 Qe7 22.
Rf2 $14) 20. f4 Qe7 21. Rf2 f6 22. Qg4 (22. Bd2 e5 23. dxe5 $8 (23. fxe5 $2
fxe5 24. dxe5 Rxf2 25. Qxf2 Rf8 26. Qe2 Qxe5 $17) 23... fxe5 24. f5 e4 25. Rcf1
Nc3 26. Bxc3 (26. Qg4 $6 gxf5 27. Rxf5 Rxf5 28. Qxf5 Nxa2 $17 {the a-pawn is
too dangerous}) 26... Bxc3 27. a3 $11) 22... e5 23. dxe5 fxe5 24. Qe6+ Qxe6 25.
Bxe6+ Kh8 26. fxe5 Rxf2 27. Kxf2 Bxe5 $11) 18... axb3 19. axb3 Qb6 20. Bg2 f5
21. f3 Ng5) 18. Bg2 g5 19. b4 $6 {This plan is too slow.} ({Alexander could
have got superior game after} 19. g4 $1 Qd7 (19... a4 20. Bb4 Rf7 21. f3 Nd6
22. Kh1 Kh8 23. Qc2 $14) (19... Nf6 20. gxf5 exf5 21. cxd5 Nxd5 22. Rc5 Ne7 23.
Qc2 $14) 20. gxf5 exf5 21. cxd5 cxd5 22. f3 Nf6 23. Bg3 Rac8 24. Be5 Rfe8 25.
Qd3 $14) 19... axb4 20. Bxb4 Rf7 21. a3 Nd6 $11 {White has the bishop pair but
the opponent's knight could be placed on c4, the a3-pawn is rather weakand it
is not easy to play Ra1, a4, a5, a6 because it takes too much time.} 22. cxd5
exd5 23. Rc2 Qd7 24. Qh5 h6 25. f4 $6 {Alexander wanted to prevent f5-f4 but
this move creates a weakness on e3.} (25. Ra2 Qe6 26. a4 f4 27. Bh3 Qf6 28.
Bxd6 Qxd6 29. exf4 gxf4 30. Re2 Re7 31. Rfe1 Rxe2 32. Rxe2 Rf8 $11) 25... Nc4
26. Re2 (26. Re1 g4 (26... Re8 $6 27. fxg5 Rxe3 28. Rd1 hxg5 29. Qxg5 $11) (
26... gxf4 $5 27. gxf4 Nxe3 $5 {Objectively, it leads to Black's advantage,
but it wouldn't be easy to find the best plan over the board.} 28. Rxe3 Bxd4
29. Rce2 Re8 30. Bd2 Re6 31. Kh1 Bxe3 32. Rxe3 Rxe3 33. Bxe3 d4 34. Bd2 Qe6 $15
) 27. Bf1 b5 28. h3) 26... g4 {Teimour didn't want to play with rook + 2 pawns
against 2 bishops and found a strong alternative.} (26... Nxe3 27. Rxe3 Bxd4
28. Rfe1 Re8 29. Bd2 gxf4 30. gxf4 Bxe3+ 31. Rxe3 Rxe3 32. Bxe3 d4 33. Bd2 Qe6
$15) 27. Kh1 ({White couldn't play} 27. h3 $2 {due to the line} Re8 28. Rfe1
Rxe3 $1 29. Rxe3 Nxe3 $1 (29... Bxd4 $2 30. Bc3 $1 Bxe3+ 31. Rxe3 Nxe3 32. Qg6+
Kf8 $8 (32... Rg7 $2 33. Bxg7 Qxg7 34. Qe8+) 33. Bb4+ Re7 34. Qf6+ Ke8 35. Qh8+
Kf7 36. Qh7+ Kf8 37. Qh8+ $11) 30. Rxe3 Bxd4 31. Bd2 Qe6 32. Kf2 Re7 $19) 27...
Qe8 28. h3 Re7 $1 29. Qxe8+ $6 {This leads to a bad endgame.} ({The last
chance was to play} 29. Qxf5 $5 Rxe3 30. Ree1 Raxa3 31. Qxg4 Rab3 32. f5 Rxe1
33. Rxe1 Qf7 $17 {and if} 34. Re7 {then} Ne3 $1) 29... Rexe8 30. Rfe1 (30. hxg4
Rxe3 31. Rxe3 Nxe3 32. Re1 Bxd4 33. gxf5 c5 $19) 30... h5 31. Bf1 (31. hxg4
hxg4) 31... Re6 32. hxg4 hxg4 33. Rh2 $2 {A blunder} ({However even after} 33.
Kg2 Ra4 34. Kf2 Nxa3 35. Bxa3 Rxa3 36. Rb1 b5 $19 {White's position is lost.})
33... Rxe3 34. Rxe3 Nxe3 35. Bd3 Bxd4 36. Re2 c5 0-1

[Event "Baku FIDE GP"]
[Site "Baku"]
[Date "2014.10.09"]
[Round "7"]
[White "Radjabov, Teimour"]
[Black "Dominguez Perez, Leinier"]
[Result "1/2-1/2"]
[WhiteElo "2726"]
[BlackElo "2751"]
[Annotator "Postny,E"]
[PlyCount "63"]
[EventDate "2014.10.02"]
[EventType "tourn"]
[EventRounds "11"]
[EventCountry "AZE"]
[EventCategory "21"]
[SourceTitle "CBM 163"]
[Source "ChessBase"]
[SourceDate "2014.11.11"]
[SourceVersion "1"]
[SourceVersionDate "2014.11.11"]
[SourceQuality "1"]

1. d4 Nf6 2. c4 g6 3. f3 d5 4. cxd5 Nxd5 5. e4 Nb6 6. Nc3 Bg7 7. Be3 O-O 8. Qd2
e5 {This is the old main line, which is consistently employed by Dominguez.} (
8... Nc6 9. O-O-O Qd6 {is more common on the top level as played by Svidler
against Caruana in the previous round.}) 9. d5 c6 10. h4 cxd5 11. exd5 N8d7 (
11... h5 12. g4 $1 hxg4 13. h5 $36 {1-0 (51) Moiseenko,A (2664)-Timofeev,A 
(2661) Saint Vincent 2005}) 12. h5 Nf6 13. hxg6 fxg6 14. O-O-O Bd7 15. Kb1 Rc8
{All theory so far. Here White has a choice: either to make one more
prophylactic move, or to push forward the d-pawn.} 16. d6 {I've played it
myself years ago, even before the whole line starting with 3.f3 got so popular.
Can't complain about the results so far.} (16. Ka1 {appeared in a world
championship match.} e4 17. Bd4 Na4 18. Nge2 Qa5 19. Nxe4 Qxd2 20. Nxf6+ Rxf6
21. Rxd2 Rf5 22. Bxg7 Kxg7 23. d6 Rfc5 $6 (23... Nb6 24. Nc3 Rd5 $1 $11) 24.
Rd1 $14 {1/2-1/2 (37) Anand,V (2791)-Gelfand,B (2727) Moscow 2012}) 16... e4 $1
{Opening up the long diagonal is the best. The position is very sharp.
Dominguez has already played it twice, so Radjabov was, obviously, prepared.} (
16... Bf5+ $6 17. Ka1 e4 18. Bh6 $14 e3 $6 19. Bxe3 Nfd5 20. Nxd5 Rc2 21. Ne7+
Qxe7 22. Qxc2 Qxe3 23. Qb3+ Qxb3 24. axb3 $18 {1-0 (43) Postny,E (2432)
-Greenfeld,A (2570) Tel Aviv 2001}) (16... Nc4 $6 17. Bxc4+ Rxc4 18. Nge2 Be6
19. Bh6 $14 Qd7 $2 20. Bxg7 Kxg7 21. Qe3 $18 {[%csl Re5] 1-0 (29) Postny,E 
(2434)-Mikhalevski,V (2532) Givataim 2000}) 17. Ka1 (17. fxe4 Ng4 18. Bg5 Qe8
19. Nf3 Rf7 $1 20. Re1 (20. Be7 Rxc3 $1 21. bxc3 Qc8 22. Rc1 Na4 23. Ng5 Qc5 $1
24. Nxf7 Nxc3+ 25. Rxc3 Bxc3 26. Nh6+ Kg7 27. Qd5 Qb4+ 28. Qb3 Qxe4+ {1/2-1/2 
(33) Grischuk,A (2779)-Dominguez Perez,L (2723) Thessaloniki 2013; with a
perpetual check.}) 20... Ne5 21. Bh6 Nec4 22. Qc1 Be5 23. Bxc4 Nxc4 24. Nxe5
Qxe5 25. Rhf1 Nxd6 26. Rxf7 Nxf7 27. Bf4 Qe6 $11 {1/2-1/2 (42) Wojtaszek,R 
(2735)-Dominguez Perez,L (2760) Tromso 2014}) 17... Re8 $6 $146 {Perhaps too
slow for such a sharp position.} (17... Na4 {is the real test. It would
curious to see what Radjabov has prepared here.} 18. Nge2 Qa5 19. Bd4 Nc5 $6 (
19... Nxc3 20. Nxc3 Be6 $132) 20. Nc1 Ne6 21. Nb3 Qb4 22. Bxf6 Bxf6 23. Nxe4
Qxd2 24. Nxf6+ Rxf6 25. Nxd2 $16 {1/2-1/2 (65) Feller,S (2640)-Salgado Lopez,I
(2623) Belfort 2012}) 18. Nh3 Nc4 (18... Na4 19. Nxa4 Bxa4 20. Rc1 Rxc1+ 21.
Qxc1 {[%cal Gc1c4,Gf1c4]} b5 22. Bc4+ $1 bxc4 23. Qxc4+ Kh8 24. Nf4 Nh5 $1 25.
Nxh5 gxh5 26. Qxa4 exf3 27. Bd4 fxg2 28. Rg1 Rf8 29. Bxg7+ Kxg7 30. Rxg2+ Kh8
31. Rd2 Rf1+ 32. Rd1 Rxd1+ 33. Qxd1 Qd7 {Soon the h-pawns will be exchanged
for the d-pawn, so Black should hold.}) 19. Bxc4+ Rxc4 20. Ng5 {Radjabov
dedicated one hour to this move!} (20. Bh6 {was the main alternative to
consider.} Bh8 (20... exf3 21. gxf3 Bxh6 22. Qxh6 Bxh3 23. Qxh3 Qd7 24. Nd5
Qxh3 25. Nxf6+ Kf7 26. Rxh3 Rd4 $1 27. Rxh7+ Kxf6 28. Rc1 {I believe, Black
can defend it with accurate play, but it's definitely an unpleasant task.}) 21.
Ng5 exf3 22. Rhe1 $1 fxg2 23. Rxe8+ Qxe8 24. Nd5 Bg7 $1 25. Nxf6+ Bxf6 26. Qd5+
Be6 $1 27. Nxe6 Qc6 28. Nf4+ Qxd5 29. Nxd5 Rd4 30. Nxf6+ Kf7 31. Rg1 Kxf6 {
Black might survive here. The passed pawns shouldn't be underestimated.}) 20...
exf3 21. Nxf3 (21. gxf3 $6 {is worse. After} Qa5 {The knight on g5 might be
hanging in some lines. For example: White can't play} 22. Bd4 $2 {now in view
of} Rxd4 23. Qxd4 Qxg5) 21... Ng4 (21... Qa5 {was another tempting option, but
it was impossible to calculate everything. Objectively, White is better. Here
are few sample lines:} 22. Rhe1 b5 23. Bd4 Rxe1 24. Rxe1 b4 25. Nb1 Rc6 26. Re7
Ra6 27. a3 Rxd6 (27... bxa3 $2 28. b4 $1 {[%cal Gd2a2]} Qd5 29. Rxg7+ $1 Kxg7
30. Bxf6+ Kxf6 31. Qxd5 $18) 28. Qe3 (28. Bxf6 Rxd2 29. Rxg7+ Kf8 30. Nbxd2
bxa3 31. b3 Qf5 32. Bd4 $14) 28... Qd8 29. Qb3+ Kh8 30. Qf7 Qg8 31. Be5 Rb6 32.
Rxd7 Nxd7 33. Qxd7 Bxe5 34. Nxe5 bxa3 35. Nxa3 $14) 22. Nd5 $2 {Teimour
shouldn't give up his bishop.} (22. Bxa7 $1 {would have been very greedy and
unnatural for a human player to grab a seemingly irrelevant pawn. However,
concrete lines do prove an advantage for White:} Qa5 (22... Bxc3 23. bxc3 Qa5
24. Rhe1 $1 Ra8 25. Bb6 Qxc3+ 26. Qxc3 Rxc3 27. Bd4 Rc2 28. Bb2 $16 {[%cal
Ge1e7]}) 23. Qd5+ Qxd5 24. Nxd5 Re2 25. Bd4 Nf2 26. Bxg7 Kxg7 27. Rc1 Rxc1+ 28.
Rxc1 Re6 29. Rc7 Rxd6 30. Nc3 $16) 22... Nxe3 23. Nxe3 Ra4 24. Nd5 Be6 {
The bishops are now exceptionally powerful.} 25. Ne7+ Rxe7 26. dxe7 Rxa2+ ({
After} 26... Qxe7 $1 {Black could try for more than a draw.} 27. Qd8+ Qf8 28.
Qxf8+ Kxf8 {[%csl Ge6,Gg7]} 29. Rxh7 Kg8 30. Ng5 (30. Rxg7+ Kxg7 31. a3 Kf6 $15
) 30... Bf6 31. Nxe6 Kxh7 $15) 27. Kb1 Rxb2+ {Now we are heading to a forced
draw, calculated by both grandmasters.} (27... Qxe7 28. Qd8+ Qf8 29. Qxf8+ Kxf8
30. Nd4 {That's the difference between 27...Qxe7 and 26...Qxe6. The rook on a4
was covering the d4-square.}) 28. Qxb2 Bf5+ 29. Ka2 Be6+ (29... Qa5+ 30. Qa3
Be6+ 31. Kb1 Bf5+ {was another version of perpetual check.} 32. Rd3 $2 Qxa3 33.
e8=Q+ Bf8 $17) 30. Kb1 Bf5+ 31. Ka2 Be6+ 32. Kb1 {[%mdl 64] Spectacular game!}
1/2-1/2